Loading...
| Science - Biology | 0 | 3 | 1 | 1 | 25 | 105 | 110.67 | 0 | 0 | 0.00 | 0.00 |
| History - Other | 0 | 2 | 0 | 1 | 20 | 114 | 119.00 | 0 | 0 | 0.00 | 0.00 |
| Mythology | 0 | 2 | 0 | 1 | 20 | 78 | 113.00 | 0 | 0 | 0.00 | 0.00 |
| Fine Arts - Other | 0 | 2 | 0 | 1 | 20 | 118 | 132.00 | 0 | 1 | 0.00 | 0.00 |
| Science - Physics | 0 | 2 | 0 | 0 | 20 | 105 | 115.00 | 0 | 0 | 0.00 | 0.00 |
| Science - Chemistry | 0 | 1 | 0 | 0 | 10 | 111 | 111.00 | 0 | 0 | 0.00 | 0.00 |
| Science - Other | 0 | 1 | 0 | 0 | 10 | 101 | 101.00 | 0 | 1 | 0.00 | 0.00 |
| Social Science | 0 | 1 | 0 | 0 | 10 | 92 | 92.00 | 0 | 1 | 0.00 | 0.00 |
| Religion | 0 | 1 | 0 | 0 | 10 | 75 | 75.00 | 1 | 1 | 0.00 | 0.00 |